[Event "NOR-chT Elite 2324"]
[Site "Norway"]
[Date "2024.02.02"]
[Round "4.52"]
[White "Gjestemoen Vonhirsch, Andre"]
[Black "Ostenstad, Berge"]
[Result "0-1"]
[WhiteElo "2309"]
[BlackElo "2426"]
[PlyCount "90"]
[EventDate "2023.10.27"]
[EventType "team-tourn"]
[EventRounds "9"]
[EventCountry "NOR"]
[SourceTitle "CB16_2024"]
[SourceDate "2024.04.17"]
[SourceVersion "1"]
[SourceVersionDate "2024.04.17"]
[SourceQuality "1"]
[WhiteTeam "Stavanger"]
[BlackTeam "Asker"]
[WhiteTeamCountry "NOR"]
[BlackTeamCountry "NOR"]

1. d4 Nf6 2. Bf4 g6 3. Nc3 d5 4. e3 Bg7 5. h4 c6 6. Be2 h5 7. Nf3 a5 8. Ne5 Be6 9. f3 Nfd7 10. Nxd7 Nxd7 11. Qd3 a4 12. a3 Qa5 13. 0-0-0 Rd8 14. g4 b5 15. Na2 Kf8 16. Rdg1 Rc8 17. Rg2 Qa7 18. Nb4 c5 19. dxc5 Rxc5 20. gxh5 Rxh5 21. Rg5 Rxg5 22. hxg5 Qb7 23. e4 dxe4 24. fxe4 Kg8 25. Bf3 Rc8 26. e5 Qb6 27. Nd5 Bxd5 28. Bxd5 e6 29. Be4 Nc5 30. Qe2 b4 31. Be3 bxa3 32. bxa3 Bxe5 33. Bxc5 Qxc5 34. Qd3 Bc3 35. Qd7 Qxg5+ 36. Kb1 Rb8+ 37. Bb7 Qd5 38. Qxd5 exd5 39. Ka2 d4 40. Rb1 Kg7 41. Rb6 f5 42. Rd6 Kh6 43. Rd7 Kg5 44. Rf7 Kf4 45. Re7 g5 0-1

[Event "Fagernes Autumn op"]
[Site "Fagernes"]
[Date "2023.10.14"]
[Round "8"]
[White "Gjestemoen Vonhirsch, Andre"]
[Black "Vagman, Roy"]
[Result "1-0"]
[WhiteElo "2327"]
[BlackElo "2294"]
[PlyCount "133"]
[EventDate "2023.10.08"]
[EventType "swiss"]
[EventRounds "9"]
[EventCountry "NOR"]
[SourceTitle "Mega2024 Update 01"]
[Source "Chessbase"]
[SourceDate "2023.11.12"]
[SourceVersion "1"]
[SourceVersionDate "2023.11.12"]
[SourceQuality "1"]

1. Nf3 d5 2. g3 Nd7 3. d4 Nb6 4. Bg2 Bf5 5. Nh4 Bg4 6. Qd3 c6 7. Nc3 e6 8. e4 Be7 9. h3 Bh5 10. Nf3 dxe4 11. Nxe4 Bxf3 12. Bxf3 Nf6 13. Nd2 Qc7 14. Qe2 0-0 15. Nb3 a5 16. a4 Rfe8 17. 0-0 Nbd7 18. Bg2 Bd6 19. c3 e5 20. Be3 exd4 21. Nxd4 Nb6 22. Nf5 Nbd5 23. Bxd5 Nxd5 24. Qg4 Be5 25. Rfe1 Nxe3 26. Rxe3 Bf6 27. Rae1 Rxe3 28. Rxe3 g6 29. Nh6+ Kg7 30. Nf5+ Kh8 31. Nd4 Rd8 32. Nb3 Kg7 33. Kg2 Qb6 34. Qc4 Rd5 35. Rf3 Re5 36. Nd2 Rc5 37. Qa2 Rf5 38. Rxf5 gxf5 39. Qb3 Qxb3 40. Nxb3 b6 41. Kf3 Be5 42. Ke3 Kf6 43. f4 Bc7 44. Nd4 c5 45. Nc2 h5 46. h4 Ke6 47. Kd3 Kd7 48. Kc4 Kc6 49. Ne3 Bd8 50. Nxf5 Bf6 51. Nh6 Kd6 52. Nxf7+ Ke6 53. Ng5+ Kf5 54. Kd3 Kg4 55. Ne4 Bg7 56. Ke3 Bf8 57. Nf6+ Kxg3 58. Nxh5+ Kxh4 59. Nf6 Kg3 60. Nd7 Bh6 61. Nxb6 Bxf4+ 62. Kd3 Kf3 63. Nd7 Bc1 64. b3 Be3 65. Kc4 Ke4 66. Nxc5+ Ke5 67. Nb7 1-0

[Event "Fagernes Autumn op"]
[Site "Fagernes"]
[Date "2023.10.13"]
[Round "7"]
[White "Kvaloy, Aksel Bu"]
[Black "Gjestemoen Vonhirsch, Andre"]
[Result "1/2-1/2"]
[WhiteElo "2458"]
[BlackElo "2327"]
[PlyCount "150"]
[EventDate "2023.10.08"]
[EventType "swiss"]
[EventRounds "9"]
[EventCountry "NOR"]
[SourceTitle "Mega2024 Update 01"]
[Source "Chessbase"]
[SourceDate "2023.11.12"]
[SourceVersion "1"]
[SourceVersionDate "2023.11.12"]
[SourceQuality "1"]

1. e4 c5 2. Nf3 Nc6 3. Bb5 g6 4. 0-0 Bg7 5. d3 e5 6. a3 Nge7 7. b4 cxb4 8. axb4 d5 9. Bxc6+ bxc6 10. Be3 d4 11. Bd2 0-0 12. Na3 Ba6 13. Qb1 Qd7 14. Qa2 Nc8 15. Nc4 Bxc4 16. Qxc4 Nd6 17. Qb3 Nb5 18. Rfd1 Rfb8 19. Rdb1 Rb7 20. Ra6 Rb6 21. Ra5 Re8 22. h3 Qe6 23. Qb2 Qd6 24. Be1 Reb8 25. Qb3 Re8 26. Nd2 Qe6 27. Nc4 Rb7 28. Rba1 Bf8 29. Ra6 Rc8 30. Bd2 Bd6 31. Qa4 Bb8 32. Rf1 f5 33. f3 f4 34. Na5 Rb6 35. Nc4 Rb7 36. Qa1 g5 37. Na5 Rb6 38. Nc4 Rb7 39. c3 Rd7 40. Rd1 h5 41. cxd4 Nxd4 42. Bc3 g4 43. Bxd4 Rxd4 44. b5 gxh3 45. Rxc6 Rxc6 46. bxc6 Qxc6 47. gxh3 Qd7 48. Qb2 Bc7 49. Qg2+ Kh7 50. Qg5 Qxh3 51. Qe7+ Kg6 52. Rd2 Rd7 53. Qe8+ Kh7 54. Rg2 Rg7 55. Rxg7+ Kxg7 56. Qe7+ Kh6 57. Qf6+ Kh7 58. Qe7+ Kh6 59. Qxc7 Qg3+ 60. Kf1 Qxf3+ 61. Ke1 Qxd3 62. Nxe5 Qxe4+ 63. Kf1 Kg5 64. Qc5 Qh1+ 65. Kf2 Qh2+ 66. Kf3 Qg3+ 67. Ke4 Qe3+ 68. Qxe3 fxe3 69. Kxe3 a5 70. Kd4 Kf5 71. Nf3 Kg4 72. Ne5+ Kf5 73. Nf3 Kg4 74. Ne5+ Kg3 75. Ng6 h4 1/2-1/2

[Event "Titled Tuesday intern op 14th Feb Early"]
[Site "Chess.com INT"]
[Date "2023.02.14"]
[Round "2"]
[White "Gjestemoen Vonhirsch, Andre"]
[Black "Kovalenko, Igor"]
[Result "0-1"]
[WhiteElo "2314"]
[BlackElo "2674"]
[PlyCount "80"]
[EventDate "2023.02.14"]
[EventType "swiss (blitz)"]
[EventRounds "11"]
[EventCountry "USA"]
[SourceTitle "CBM 212 Extra"]
[Source "ChessBase"]
[SourceDate "2023.03.31"]
[SourceVersion "1"]
[SourceVersionDate "2023.03.31"]
[SourceQuality "1"]

1. d4 Nf6 2. Bf4 c5 3. e3 b6 4. Nd2 Bb7 5. Ngf3 d6 6. c3 Nbd7 7. Be2 g6 8. 0-0 Bg7 9. Qb3 0-0 10. h3 Qc7 11. Rac1 a6 12. a4 Bc6 13. Qc2 Qb7 14. b4 cxb4 15. cxb4 Rfc8 16. Qb3 b5 17. a5 Bd5 18. Qb2 Ne4 19. Nxe4 Bxe4 20. Bg3 Nf6 21. Rfd1 Bd5 22. Bf1 h6 23. Nd2 Nh5 24. Bh2 f5 25. Nb1 Nf6 26. Nc3 Bc4 27. Ne2 Rc7 28. Rc2 Rac8 29. Rdc1 Kf7 30. Ng3 Nd5 31. Ne2 Bd3 32. Rxc7 Rxc7 33. Rxc7 Qxc7 34. Nf4 Nxf4 35. Bxf4 Bxf1 36. Kxf1 Qc4+ 37. Ke1 g5 38. Bg3 f4 39. Bh2 e5 40. exf4 exf4 0-1

[Event "Titled Tuesday intern op 14th Feb Early"]
[Site "Chess.com INT"]
[Date "2023.02.14"]
[Round "4"]
[White "Sychev, Klementy"]
[Black "Gjestemoen Vonhirsch, Andre"]
[Result "0-1"]
[WhiteElo "2549"]
[BlackElo "2314"]
[PlyCount "62"]
[EventDate "2023.02.14"]
[EventType "swiss (blitz)"]
[EventRounds "11"]
[EventCountry "USA"]
[SourceTitle "CBM 212 Extra"]
[Source "ChessBase"]
[SourceDate "2023.03.31"]
[SourceVersion "1"]
[SourceVersionDate "2023.03.31"]
[SourceQuality "1"]

1. e4 g6 2. d4 Bg7 3. Nc3 c5 4. dxc5 Bxc3+ 5. bxc3 Qa5 6. Qd4 Nf6 7. Qb4 Qc7 8. Nf3 Nc6 9. Qa4 Ne5 10. Nxe5 Qxe5 11. Qd4 Qxe4+ 12. Be3 0-0 13. 0-0-0 b6 14. Bd3 Qc6 15. Rde1 Bb7 16. f3 Rfc8 17. Qe5 bxc5 18. Bg5 c4 19. Bf1 d6 20. Qg3 Nd5 21. Bxe7 Re8 22. Bg5 Qa4 23. Kd2 Qa3 24. Rxe8+ Rxe8 25. f4 Re3 26. Qxe3 Nxe3 27. Kxe3 Qxc3+ 28. Kf2 Qd2+ 29. Kg3 Qe3+ 30. Kh4 Qf2+ 31. g3 Bxh1 0-1

[Event "Titled Tuesday intern op 07th Feb Early"]
[Site "Chess.com INT"]
[Date "2023.02.07"]
[Round "11"]
[White "Gjestemoen Vonhirsch, Andre"]
[Black "Fier, Alexandr"]
[Result "1-0"]
[WhiteElo "2314"]
[BlackElo "2606"]
[PlyCount "49"]
[EventDate "2023.02.07"]
[EventType "swiss (blitz)"]
[EventRounds "11"]
[EventCountry "USA"]
[SourceTitle "EXT 2024"]
[Source "ChessBase"]
[SourceDate "2023.10.10"]
[SourceVersion "1"]
[SourceVersionDate "2023.10.10"]
[SourceQuality "1"]

1. d4 Nf6 2. Bf4 c5 3. e3 Qb6 4. Na3 d6 5. Nc4 Qc7 6. Nf3 g6 7. Be2 cxd4 8. exd4 Bg7 9. c3 0-0 10. 0-0 b6 11. h3 Bb7 12. Ne3 Nh5 13. Bh2 Bh6 14. Ng4 Bg7 15. Ne3 Nd7 16. Re1 Rae8 17. Qb3 Nhf6 18. Ng5 Bh6 19. Nxf7 Rxf7 20. Bc4 Ref8 21. Bxf7+ Rxf7 22. Ng4 Nxg4 23. Rxe7 Nge5 24. Bxe5 Nxe5 25. Rxc7 1-0

[Event "Titled Tuesday intern op 07th Feb Early"]
[Site "Chess.com INT"]
[Date "2023.02.07"]
[Round "1"]
[White "Paichadze, Luka"]
[Black "Gjestemoen Vonhirsch, Andre"]
[Result "1-0"]
[WhiteElo "2515"]
[BlackElo "2314"]
[PlyCount "93"]
[EventDate "2023.02.07"]
[EventType "swiss (blitz)"]
[EventRounds "11"]
[EventCountry "USA"]
[SourceTitle "EXT 2024"]
[Source "ChessBase"]
[SourceDate "2023.10.10"]
[SourceVersion "1"]
[SourceVersionDate "2023.10.10"]
[SourceQuality "1"]

1. e4 Nf6 2. e5 Nd5 3. c4 Nb6 4. d4 d6 5. f4 dxe5 6. fxe5 c5 7. d5 g6 8. Nc3 Bg7 9. Bf4 0-0 10. Qd2 Bf5 11. Nf3 N8d7 12. h3 g5 13. Bxg5 Nxe5 14. Nxe5 Bxe5 15. Bd3 Bxd3 16. Qxd3 Qd6 17. 0-0 Qg6 18. Qxg6+ fxg6 19. Bxe7 Rxf1+ 20. Rxf1 Nxc4 21. Bxc5 b6 22. Be7 Bd4+ 23. Kh1 Ne3 24. Rf3 Nf5 25. d6 Nxe7 26. dxe7 Re8 27. Nd5 Bxb2 28. g4 Kg7 29. g5 Bd4 30. Ra3 a5 31. Rb3 Bc5 32. Nxb6 Rxe7 33. Nd5 Re1+ 34. Kg2 Re2+ 35. Kf3 Rf2+ 36. Ke4 Rf7 37. h4 Bd6 38. Rb6 Bf8 39. Nf6 Be7 40. Ne8+ Kf8 41. Rb8 Bb4 42. Nd6+ Ke7 43. Nxf7 Kxf7 44. Rb7+ Kg8 45. Ke5 Bc3+ 46. Ke6 Kh8 47. Kf7 1-0

[Event "Titled Tuesday intern op 31st Jan Early"]
[Site "Chess.com INT"]
[Date "2023.01.31"]
[Round "1"]
[White "Gjestemoen Vonhirsch, Andre"]
[Black "Corrales Jimenez, Fidel"]
[Result "0-1"]
[WhiteElo "2321"]
[BlackElo "2501"]
[PlyCount "86"]
[EventDate "2023.01.31"]
[EventType "swiss (blitz)"]
[EventRounds "11"]
[EventCountry "USA"]
[SourceTitle "CBM 212 Extra"]
[Source "ChessBase"]
[SourceDate "2023.03.31"]
[SourceVersion "1"]
[SourceVersionDate "2023.03.31"]
[SourceQuality "1"]

1. b3 c5 2. Bb2 Nc6 3. e3 d5 4. Nf3 Nf6 5. d4 cxd4 6. exd4 g6 7. Be2 Bg7 8. Nbd2 0-0 9. h3 b6 10. 0-0 Bb7 11. Re1 Rc8 12. a3 e6 13. Rc1 Qd6 14. c4 Rfd8 15. Rc2 dxc4 16. Nxc4 Qf8 17. Qa1 Nd5 18. Bf1 b5 19. Ncd2 a6 20. Rec1 Nce7 21. Ne4 Nf4 22. Rxc8 Nxc8 23. Ned2 Nb6 24. g3 Nfd5 25. Bg2 Rc8 26. Ne4 Rxc1+ 27. Qxc1 Qd8 28. Nc5 Bc8 29. Qd2 Ne7 30. Ne1 Nf5 31. Nc2 Nd5 32. Nb4 Nxb4 33. Qxb4 Nxd4 34. Bb7 Bxb7 35. Nxb7 Ne2+ 36. Kf1 Qd1+ 37. Qe1 Nxg3+ 38. fxg3 Qf3+ 39. Qf2 Qxb7 40. Bxg7 Kxg7 41. h4 Qd5 42. Qe3 e5 43. Ke2 a5 0-1

[Event "Titled Tuesday intern op 31st Jan Early"]
[Site "Chess.com INT"]
[Date "2023.01.31"]
[Round "5"]
[White "Gjestemoen Vonhirsch, Andre"]
[Black "Sielecki, Christof"]
[Result "1/2-1/2"]
[WhiteElo "2321"]
[BlackElo "2430"]
[PlyCount "117"]
[EventDate "2023.01.31"]
[EventType "swiss (blitz)"]
[EventRounds "11"]
[EventCountry "USA"]
[SourceTitle "CBM 212 Extra"]
[Source "ChessBase"]
[SourceDate "2023.03.31"]
[SourceVersion "1"]
[SourceVersionDate "2023.03.31"]
[SourceQuality "1"]

1. d4 d5 2. Bf4 Nf6 3. e3 e6 4. Nd2 Bd6 5. Bg3 0-0 6. Ngf3 c5 7. c3 Qc7 8. Bd3 Nbd7 9. e4 dxe4 10. Nxe4 Nxe4 11. Bxe4 Nf6 12. Bc2 Bxg3 13. hxg3 Rd8 14. Ng5 h6 15. Ne4 Nxe4 16. Bxe4 cxd4 17. cxd4 Qa5+ 18. Kf1 Bd7 19. Kg1 Bc6 20. Bxc6 bxc6 21. Qg4 Qg5 22. Qe4 Qd5 23. Rh4 Rab8 24. b3 Rd6 25. Rc1 Rbd8 26. Rc5 Qxe4 27. Rxe4 Kf8 28. Kf1 Ke7 29. Ra5 R8d7 30. Ke2 f6 31. Ke3 Rd5 32. Ra6 Rc7 33. f4 Kd6 34. b4 Rb5 35. a3 Rb6 36. Ra5 Rb5 37. Ra6 Rb6 38. Ra5 Rcb7 39. g4 Rb5 40. Ra6 R5b6 41. Ra5 g5 42. f5 Re7 43. Rxe6+ Rxe6+ 44. fxe6 Rb7 45. Ke4 Kxe6 46. d5+ cxd5+ 47. Rxd5 Rc7 48. Rc5 Rd7 49. Rc6+ Kf7 50. Ra6 Kg6 51. a4 Re7+ 52. Kd5 Rd7+ 53. Ke6 Rd4 54. Ke7 Rxb4 55. Rxf6+ Kg7 56. Rf7+ Kg6 57. Rf6+ Kg7 58. Rf7+ Kg6 59. Rf6+ 1/2-1/2

[Event "Titled Tuesday intern op 10th Jan Early"]
[Site "Chess.com INT"]
[Date "2023.01.10"]
[Round "6"]
[White "Gjestemoen Vonhirsch, Andre"]
[Black "Kuzmin, Roman"]
[Result "1-0"]
[WhiteElo "2321"]
[BlackElo "2249"]
[PlyCount "51"]
[EventDate "2023.01.10"]
[EventType "swiss (blitz)"]
[EventRounds "11"]
[EventCountry "USA"]
[SourceTitle "EXT 2024"]
[Source "ChessBase"]
[SourceDate "2023.10.10"]
[SourceVersion "1"]
[SourceVersionDate "2023.10.10"]
[SourceQuality "1"]

1. d4 Nf6 2. Nf3 e6 3. Bf4 b6 4. e3 Bb7 5. Nbd2 d6 6. Bd3 Nbd7 7. c3 g6 8. Qe2 Bg7 9. Rd1 Qe7 10. Ba6 Bc6 11. e4 e5 12. Bg3 exd4 13. Nxd4 Bxe4 14. Nxe4 Qxe4 15. 0-0 Qxe2 16. Bxe2 0-0 17. Bf3 Rae8 18. Nb5 Ne5 19. Bxe5 dxe5 20. Nxc7 Rd8 21. Nb5 e4 22. Be2 a5 23. Nd6 h5 24. Bc4 Rd7 25. Nxe4 Rxd1 26. Nxf6+ 1-0

[Event "Titled Tuesday intern op 10th Jan Early"]
[Site "Chess.com INT"]
[Date "2023.01.10"]
[Round "8"]
[White "Jakubowski, Krzysztof"]
[Black "Gjestemoen Vonhirsch, Andre"]
[Result "1-0"]
[WhiteElo "2475"]
[BlackElo "2321"]
[PlyCount "65"]
[EventDate "2023.01.10"]
[EventType "swiss (blitz)"]
[EventRounds "11"]
[EventCountry "USA"]
[SourceTitle "EXT 2024"]
[Source "ChessBase"]
[SourceDate "2023.10.10"]
[SourceVersion "1"]
[SourceVersionDate "2023.10.10"]
[SourceQuality "1"]

1. e4 c5 2. Nf3 Nc6 3. d4 cxd4 4. Nxd4 g6 5. Nc3 Bg7 6. Be3 Nf6 7. Bc4 0-0 8. Bb3 Re8 9. 0-0 d6 10. h3 Bd7 11. Qd2 a6 12. Rad1 b5 13. a3 Na5 14. Rfe1 Nxb3 15. Nxb3 Qc7 16. Bh6 Bc6 17. Bxg7 Kxg7 18. Re3 a5 19. Rde1 b4 20. axb4 axb4 21. Nd5 Bxd5 22. exd5 Rac8 23. R1e2 Qc4 24. Rd3 e6 25. Rd4 Qc7 26. dxe6 Rxe6 27. Rxe6 fxe6 28. Rxb4 Qxc2 29. Rb7+ Kg8 30. Qf4 Qb1+ 31. Kh2 Qf5 32. Qh6 Qe5+ 33. f4 1-0

[Event "Titled Tuesday intern op 03rd Jan Early"]
[Site "Chess.com INT"]
[Date "2023.01.03"]
[Round "4"]
[White "Gjestemoen Vonhirsch, Andre"]
[Black "Glashausser, Sho"]
[Result "1-0"]
[WhiteElo "2321"]
[BlackElo "2016"]
[PlyCount "37"]
[EventDate "2023.01.03"]
[EventType "swiss (blitz)"]
[EventRounds "11"]
[EventCountry "USA"]
[SourceTitle "EXT 2024"]
[Source "ChessBase"]
[SourceDate "2023.10.10"]
[SourceVersion "1"]
[SourceVersionDate "2023.10.10"]
[SourceQuality "1"]

1. b3 d5 2. Bb2 Bf5 3. e3 e6 4. Nf3 h6 5. c4 c6 6. a3 Nf6 7. d3 Nbd7 8. Nc3 Be7 9. Be2 0-0 10. Qd2 a5 11. h3 Bh7 12. 0-0 Qb8 13. Rac1 Rc8 14. Rfd1 b5 15. cxb5 cxb5 16. Nd4 Nc5 17. Ncxb5 Nxb3 18. Rxc8+ Qxc8 19. Nxb3 1-0

[Event "Titled Tuesday intern op 03rd Jan Early"]
[Site "Chess.com INT"]
[Date "2023.01.03"]
[Round "3"]
[White "Khubukshanov, Erdem"]
[Black "Gjestemoen Vonhirsch, Andre"]
[Result "1-0"]
[WhiteElo "2384"]
[BlackElo "2321"]
[PlyCount "153"]
[EventDate "2023.01.03"]
[EventType "swiss (blitz)"]
[EventRounds "11"]
[EventCountry "USA"]
[SourceTitle "EXT 2024"]
[Source "ChessBase"]
[SourceDate "2023.10.10"]
[SourceVersion "1"]
[SourceVersionDate "2023.10.10"]
[SourceQuality "1"]

1. b3 Nf6 2. Bb2 g6 3. Nf3 Bg7 4. g3 0-0 5. Bg2 d5 6. 0-0 c6 7. c4 a5 8. a4 Na6 9. d4 Nb4 10. Nbd2 Bf5 11. Nh4 Bc2 12. Qc1 Ne8 13. Bc3 Bf5 14. Nxf5 gxf5 15. e3 e6 16. Nf3 Nd6 17. Qb1 Ne4 18. Be1 c5 19. Qd1 Qe7 20. cxd5 Nxd5 21. Rc1 Rac8 22. Bxa5 cxd4 23. Nxd4 Qa3 24. Ra1 Qb2 25. Qd3 Nxf2 26. Qe2 Qxe2 27. Nxe2 Ng4 28. e4 fxe4 29. Bxe4 Bxa1 30. Rxa1 Nge3 31. Nd4 Rfe8 32. Nf3 f5 33. Bd3 Nc2 34. Rd1 Nce3 35. Re1 Re7 36. Nd4 e5 37. Nxf5 Nxf5 38. Bxf5 Rce8 39. Be4 Nf6 40. Bf5 e4 41. Bc3 Kg7 42. Rf1 Rf7 43. Bg4 e3 44. Bh5 e2 45. Re1 Re6 46. Bxf7 Kxf7 47. Kf2 Ne4+ 48. Kf3 Nxc3 49. Kf2 Nd5 50. Rxe2 Rxe2+ 51. Kxe2 Nb4 52. Kd2 Nc6 53. Kc3 Ke6 54. Kc4 Kd6 55. b4 Ne5+ 56. Kb5 Kc7 57. Kc5 Nd3+ 58. Kc4 Ne1 59. Kd5 Nf3 60. h3 Ng5 61. h4 Nf7 62. g4 Nd6 63. g5 Kd7 64. h5 Nf7 65. g6 hxg6 66. hxg6 Nh6 67. a5 Ng8 68. b5 Ne7+ 69. Kc5 Kc7 70. g7 Ng8 71. Kd5 Kd7 72. Ke5 Ke7 73. a6 bxa6 74. bxa6 Nf6 75. a7 Nd7+ 76. Kf5 Nb6 77. g8Q 1-0

[Event "Titled Tuesday intern op 03rd Jan Early"]
[Site "Chess.com INT"]
[Date "2023.01.03"]
[Round "5"]
[White "Samunenkov, Igor"]
[Black "Gjestemoen Vonhirsch, Andre"]
[Result "1-0"]
[WhiteElo "2485"]
[BlackElo "2321"]
[PlyCount "105"]
[EventDate "2023.01.03"]
[EventType "swiss (blitz)"]
[EventRounds "11"]
[EventCountry "USA"]
[SourceTitle "EXT 2024"]
[Source "ChessBase"]
[SourceDate "2023.10.10"]
[SourceVersion "1"]
[SourceVersionDate "2023.10.10"]
[SourceQuality "1"]

1. d4 g6 2. c4 c5 3. Nf3 cxd4 4. Nxd4 Bg7 5. e4 Nc6 6. Be3 Nf6 7. Nc3 Ng4 8. Qxg4 Nxd4 9. Qd1 Ne6 10. Qd2 0-0 11. Be2 Qa5 12. Rc1 Rd8 13. 0-0 Nc5 14. f3 d6 15. b3 a6 16. Bd4 Bxd4+ 17. Qxd4 Bd7 18. Nd5 Ne6 19. Nxe7+ Kf8 20. Qxd6 Be8 21. Nxg6+ Kg7 22. Qe5+ Qxe5 23. Nxe5 Rd2 24. Rf2 Rxa2 25. Bf1 Rxf2 26. Kxf2 Rd8 27. Ke3 Nd4 28. b4 b5 29. c5 f6 30. Nd3 Nc6 31. Ra1 Ra8 32. Kd2 Bf7 33. Kc3 Bc4 34. Nf4 Bxf1 35. Rxf1 a5 36. bxa5 Rxa5 37. Rd1 Ra3+ 38. Kb2 b4 39. Rd7+ Kh6 40. Rd6 Na5 41. Rxf6+ Kg5 42. Rf5+ Kh6 43. c6 Nc4+ 44. Kb1 b3 45. Rc5 Nd2+ 46. Kc1 b2+ 47. Kxb2 Rb3+ 48. Kc2 Ra3 49. Kxd2 Ra2+ 50. Ke3 Ra3+ 51. Nd3 Ra8 52. c7 Rd8 53. cxd8Q 1-0

[Event "Titled Tuesday intern op 13th Dec Early"]
[Site "Chess.com INT"]
[Date "2022.12.13"]
[Round "10"]
[White "Gjestemoen Vonhirsch, Andre"]
[Black "Rangel, Daniel"]
[Result "0-1"]
[WhiteElo "2322"]
[BlackElo "2220"]
[PlyCount "68"]
[EventDate "2022.12.13"]
[EventType "swiss (blitz)"]
[EventRounds "11"]
[EventCountry "USA"]
[SourceTitle "EXT 2024"]
[Source "ChessBase"]
[SourceDate "2023.10.10"]
[SourceVersion "1"]
[SourceVersionDate "2023.10.10"]
[SourceQuality "1"]

1. b3 d5 2. Bb2 Nf6 3. e3 c6 4. Nf3 Bg4 5. Be2 Nbd7 6. c4 e6 7. Nc3 Bd6 8. Rc1 0-0 9. h3 Bh5 10. Rc2 Bg6 11. d3 e5 12. cxd5 cxd5 13. Qa1 Nc5 14. Rd2 d4 15. exd4 exd4 16. Nb5 Bf4 17. Rd1 Re8 18. Kf1 Rxe2 19. Kxe2 Qe8+ 20. Kf1 Qxb5 21. Nxd4 Qa6 22. g3 Nxd3 23. Kg2 Be5 24. Bc3 Rd8 25. Nf3 Bxc3 26. Qxc3 Be4 27. Rd2 Qe6 28. Rhd1 Qf5 29. Rxd3 Rxd3 30. Rxd3 Bxd3 31. Qc7 h6 32. Nh4 Be4+ 33. Kg1 Qd5 34. Ng2 Bxg2 0-1

[Event "Titled Tuesday intern op 22nd Nov Early"]
[Site "Chess.com INT"]
[Date "2022.11.22"]
[Round "4"]
[White "Gjestemoen Vonhirsch, Andre"]
[Black "Piesik, Piotr"]
[Result "0-1"]
[WhiteElo "2322"]
[BlackElo "2416"]
[PlyCount "72"]
[EventDate "2022.11.22"]
[EventType "swiss (blitz)"]
[EventRounds "11"]
[EventCountry "USA"]
[SourceTitle "CBM 211 Extra"]
[Source "ChessBase"]
[SourceDate "2023.01.31"]
[SourceVersion "1"]
[SourceVersionDate "2023.01.31"]
[SourceQuality "1"]

1. b3 d5 2. Bb2 c5 3. e3 a6 4. Nf3 Nc6 5. Be2 Bf5 6. a3 e6 7. 0-0 Nf6 8. d4 cxd4 9. Nxd4 Nxd4 10. exd4 Bd6 11. Nd2 0-0 12. Nf3 Ne4 13. Bd3 Rc8 14. Rc1 Qe7 15. Re1 Bxa3 16. Bxa3 Qxa3 17. Nh4 Nc3 18. Qf3 Bxd3 19. Qxd3 Rc6 20. Nf3 f6 21. Ra1 Qb4 22. Re3 Qb5 23. Qd2 Ne4 24. Qd3 Qxd3 25. cxd3 Nc3 26. Rae1 Kf7 27. h4 Re8 28. g4 Nb5 29. Kg2 Rc3 30. Kg3 Rxb3 31. g5 a5 32. h5 h6 33. g6+ Kf8 34. Rxe6 Rxe6 35. Rxe6 Rxd3 36. Kf4 Rxf3+ 0-1

[Event "Titled Tuesday intern op 22nd Nov Early"]
[Site "Chess.com INT"]
[Date "2022.11.22"]
[Round "10"]
[White "Gjestemoen Vonhirsch, Andre"]
[Black "Rose, Felix"]
[Result "0-1"]
[WhiteElo "2322"]
[BlackElo "2091"]
[PlyCount "88"]
[EventDate "2022.11.22"]
[EventType "swiss (blitz)"]
[EventRounds "11"]
[EventCountry "USA"]
[SourceTitle "CBM 211 Extra"]
[Source "ChessBase"]
[SourceDate "2023.01.31"]
[SourceVersion "1"]
[SourceVersionDate "2023.01.31"]
[SourceQuality "1"]

1. b3 e5 2. Bb2 Nc6 3. e3 Nf6 4. Bb5 Bd6 5. Nf3 Qe7 6. d4 exd4 7. Nxd4 Nxd4 8. Qxd4 c6 9. Be2 Bb4+ 10. Nd2 d5 11. 0-0 0-0 12. a3 Bc5 13. Qh4 Bf5 14. Bd3 Bg6 15. b4 Bd6 16. Qd4 Rfe8 17. Nf3 Be4 18. Bxe4 dxe4 19. Nd2 Rad8 20. Qc3 Bxh2+ 21. Kxh2 Qd6+ 22. Kg1 Qxd2 23. Rad1 Qxc3 24. Bxc3 Nd5 25. Bd4 Nb6 26. Rd2 Nc8 27. Rfd1 Rd5 28. c4 Rd7 29. Bc5 Rxd2 30. Rxd2 b6 31. Bd4 Rd8 32. Bc3 Rxd2 33. Bxd2 f5 34. Kf1 Kf7 35. Ke2 Ke6 36. Bc3 Nd6 37. c5 bxc5 38. bxc5 Ne8 39. Bd4 g6 40. Kd2 Kd5 41. Kc3 Nc7 42. a4 Ne6 43. g3 a6 44. a5 Nxc5 0-1